Salta al contenuto

Основы инвестирования учебное пособие

В учебном пособии изложены основные теоретические положения инвестиционного анализа. Последовательно представлены разделы, посвящённые структуре инвестиций, основам финансовой математики, анализу инвестиций, неопределённости, рискам и оценке инвестиционных проектов. Основные теоретические положения...

Descrizione completa

Salvato in:
Dettagli Bibliografici
Autore principale: Ерастов В. В.
Natura: Книга
Lingua:Russian
Pubblicazione: Новокузнецк КГПИ КемГУ 2016
Accesso online:https://e.lanbook.com/book/169587
https://e.lanbook.com/img/cover/book/169587.jpg
Tags: Aggiungi Tag
Nessun Tag, puoi essere il primo ad aggiungerne! !
LEADER 02734nam0a2200265 i 4500
001 169587
003 RuSpLAN
005 20230307113652.0
008 230307s2016 ru gs 000 0 rus
020 |a 978-5-8353-1934-3 
040 |a RuSpLAN 
041 0 |a rus 
044 |a ru 
080 |a 330.322; 336.02 
084 |a 65.290-2; 65.290  |2 rubbk 
245 0 0 |a Основы инвестирования  |b учебное пособие  |c Ерастов В. В. 
260 |a Новокузнецк  |b КГПИ КемГУ  |c 2016 
300 |a 116 с. 
504 |a Библиогр.: доступна в карточке книги, на сайте ЭБС Лань 
520 8 |a В учебном пособии изложены основные теоретические положения инвестиционного анализа. Последовательно представлены разделы, посвящённые структуре инвестиций, основам финансовой математики, анализу инвестиций, неопределённости, рискам и оценке инвестиционных проектов. Основные теоретические положения сопровождаются конкретными практическими примерами. Данное учебное пособие предназначено для студентов очной и очно заочной форм обучения при изучении дисциплины «Организация малого бизнеса» студентами, обучающимися по программе академического бакалавриата по направлению подготовки 44.03.04 – профессиональное обучение (профиль «экономика и управление»), а также дисциплины «Основы предпринимательства» для направлений 44.03.01 – педагогическое образование (профиль «технология») и 44.03.05 – педагогическое образование (профиль «технология и дополнительное образование») физико-математического и технолого-экономического факультета НФИ КемГУ. 
521 8 |a Книга из коллекции КГПИ КемГУ - Экономика и менеджмент 
100 1 |a Ерастов В. В. 
856 4 |u https://e.lanbook.com/book/169587 
856 4 8 |u https://e.lanbook.com/img/cover/book/169587.jpg 
953 |a https://e.lanbook.com/img/cover/book/169587.jpg